000 00809cam a22002897a 4500
003 CHAP
005 20220329140523.0
008 971013s1978 r 00010 d
010 _a53254
011 _a54226
035 _a58377
040 _cCHAP
082 _a592
_bW4 1978
100 0 0 _aWebb, J. E.
_9121270
245 0 _aGuide to invertebrate animals
250 _a2 ed.
260 _aLondon :
_bMacmillan,
_c1978
300 _a305 p.
_b: ilus. ; gráfs.
590 _aBATCH-UPD
_b10
_c20130110
_lUCH01
_h0506
590 _aCONVERSION
_b10
_c20130109
_lUCH01
_h1329
650 1 4 _aInvertebrados.
_960203
700 0 _aElgood, J. H.
_936274
700 0 _aWallwork, J. A.
_9120951
901 _aBK
942 _cLIBRO
949 _a592 W4 1978
_bBC
_cLIBRO
_d33724000367421
_eLIBRO
_h11669
_i58377
_si
_t296.00
999 _c53254
_d53254